000 00307nam a22001457a 4500
008 210511b ||||| |||| 00| 0 eng d
020 _a9780738079837
041 _aeng
080 _a573
082 _a573
100 _a11
101 _aBIO
245 _aBiology 2020 Laboratory
_cHM,
942 _2udc
_cBK
999 _c57180
_d57180